Tridsať rokov metodického ústredia Jednotnej sústavy knižníc na Slovensku

Salvato in:
Dettagli Bibliografici
Natura: Libro
Lingua:slovacco
Pubblicazione: Martin Matica slovenská 1984
Serie:Metodika a propagácia
Tags: Aggiungi Tag
Nessun Tag, puoi essere il primo ad aggiungerne!!

MARC

LEADER 00000nam a2200000 4500
001 c113606
005 20260121101642.3
041 0 |a slo 
044 |a SK 
245 1 0 |a Tridsať rokov metodického ústredia Jednotnej sústavy knižníc na Slovensku  |c zostav. Margita Buociková 
264 1 |a Martin  |b Matica slovenská  |c 1984 
300 |a 261 s. 
490 1 |a Metodika a propagácia 
830 0 |a Metodika a propagácia